Flying colours
| Other Authors: | , |
|---|---|
| Format: | Book |
| Published: |
London :
Tiger Books International ,
1990
|
| Subjects: |
MARC
| LEADER | 00000cam a2200000 7i4500 | ||
|---|---|---|---|
| 001 | 0000002852 | ||
| 002 | 000003087 | ||
| 005 | 20000330.0 | ||
| 020 | |a 1855010976 | ||
| 090 | 0 | 0 | |a 358.4183 |b FLY |
| 245 | 0 | 0 | |a Flying colours |c Compiled by William Green and Gordon Swanborough |
| 260 | |a London : |b Tiger Books International , |c 1990 | ||
| 300 | |a 207p : |b ill. ; |c 30cm. | ||
| 650 | 0 | 0 | |a Air warfare |
| 650 | 0 | 0 | |a Airplanes, Military |
| 700 | 0 | |a Green, William | |
| 700 | 0 | |a Swanborough, Gordon | |
| 999 | |a 035193 |b BUKU |c PINJAMAN |e PERPUSTAKAAN KOMUNITI PETALING JAYA | ||